00340nam a2200121Ia 4500008004100000020001400041050001500055100001700070245005700087260003700144300002400181650001300205150202s9999 xx 000 0 und d a439139600 aFIC bFIC  aRowling J.K. aHarry Potter and the goblet of fire /cJ.K. Rowling. aNew York :bLevine Books,c2000. a734 pages :c23 cm. aFiction.